000 02146nam a2200289Ia 4500
999 _c58705
_d58705
001 7429
003 GE_BSU
005 20220701122809.0
008 181216s2013||||ge |||||||||||||| ||und||
020 _a9789941220302
040 _cGE_BSU
041 _ageo
080 _a338.48(063)(479.22) ი-61
245 _aინოვაციები ტურიზმში: ეკონომიკა და ბიზნესი :
_bIV საერთაშ. სამეცნ.-პრაქტ. კონფერენცია, 8-9 ივნისი, ბათუმი-ტრაპიზონი, 2013 : [შრომების კრებული] /
_c ბათუმის შ. რუსთაველის სახელმწ. უნ-ტი, ტურიზმის ფაკ-ტი, აჭარის არ ტურიზმისა და კურორტების დეპარტამენტი ; [სარედ. კოლ.: იაკობ მესხია [და სხვ.]].
264 _aთბილისი :
_bუნივერსალი,
_c2013.
300 _a 464 გვ. :
_bცხრ., ნახ. ;
_c29 სმ.
501 _aთავფურ. მე-2 გვ. ინგლ. ყდა ქართ. და ინგლ. რამდენიმე შრომა რუს. და ინგლ.
653 _aტურიზმის ბიზნესი საქართველოში
653 _aტურიზმის ეკონომიკა საქართველოში
700 _aშენგელია, თეიმურაზ
_eავტორი
_9814
700 _aმესხია, იაშა
_eავტორი
_914272
700 _aყორღანაშვილი, ლარისა
_eავტორი
_914273
700 _aაბესაძე, თეიმურაზ და სხვ.
_914274
700 _aმესხია, იაკობ
_eრედაქტორი
_914275
700 _aშენგელია, თეიმურაზ და სხვ.
_eრედაქტორი
_914276
942 _cBK
_2udc